期刊信息 |
| 索取号 |
K23/SGLJ
|
| 题名 |
三国两晋隋唐史(复印报刊资料)
|
| 作者 |
中国人民大学书报资料中心
|
| 分册号 |
|
| 分册名 |
|
| 出版地 |
北京
|
| 出版者 |
中国人民大学书报资料中心
|
| 标准刊号 |
|
| 出版频率 |
月刊
|
| 中图法分类 |
K23
|
| 主题词 |
中国 古代史 封建社会
|
| 电子资源 | |
| |
|
| 000 | 00647nas0 2200181 45 | |
| 001 | 0739233410 | |
| 005 | 20070405105556.82 | |
| 100 | @a20070405d km y0chiy0120 ea | |
| 101 | 0 | @achi |
| 102 | @aCN@b110000 | |
| 200 | 1 | @a三国两晋隋唐史(复印报刊资料)@ASan Guo Liang Jin Sui Tang Shi(Fu Yin Bao Kan Zi Liao)@f中国人民大学书报资料中心@FZhong Guo Ren Min Da Xue Shu Bao Zi Liao Zhong Xin |
| 210 | @a北京@c中国人民大学书报资料中心 | |
| 326 | @a月刊 | |
| 606 | 0 | @a中国@x古代史@x封建社会 |
| 690 | @aK23@v4 | |
| 711 | 02 | @a中国人民大学书报资料中心@AZhong Guo Ren Min Da Xue Shu Bao Zi Liao Zhong Xin |
| 801 | 0 | @aCN@bPFT@c20070405 |
| 905 | @aTJWY@dK23@eSGLJ | |
| 三国两晋隋唐史(复印报刊资料)/中国人民大学书报资料中心.-北京:中国人民大学书报资料中心 |
| ● |
| 相关链接: |
|
|
|
|